MARC

LEADER 00000nam0a2200000 4500
001 51557
005 20231031040056.0
035 |a (RuTPU)RU\TPU\book\53980 
090 |a 51557 
100 |a 20030505d1985 km y0rusy50 ca 
101 0 |a rus 
102 |a RU 
105 |a a z 001zy 
200 1 |a Проектирование и строительство тепловых электростанций  |f И. П. Купцов, Ю. Р. Иоффе 
205 |a 3-е изд., перераб. 
210 |a Москва  |c Энергоатомиздат  |d 1985 
215 |a 407 с.  |c ил. 
320 |a Библиогр.: с. 405. 
610 1 |a теплоэнергетика 
610 1 |a тепловые электрические станции 
610 1 |a проектирование 
610 1 |a постройка 
610 1 |a вспомогательное оборудование 
610 1 |a конструктивные элементы 
675 |a 621.311.22.001  |v 3 
675 |a 621.311.22.002  |v 3 
700 1 |a Купцов  |b И. П.  |g Иван Павлович 
701 1 |a Иоффе  |b Ю. Р.  |g Юлий Рафаилович 
801 1 |a RU  |b 63413507  |c 20030505  |g PSBO 
801 2 |a RU  |b 63413507  |c 20200714  |g PSBO 
942 |c BK